|
|
|
|
| LEADER |
01485nam a22003017a 4500 |
| 001 |
34322 |
| 003 |
BD-DhAAL |
| 005 |
20211110164125.0 |
| 008 |
190320t2019 flua|||| b||| 001 0 eng d |
| 999 |
|
|
|c 40448
|d 40448
|
| 020 |
|
|
|a 9781482259780
|
| 040 |
|
|
|a BD-DhAAL
|
| 082 |
|
|
|a 004.6782
|2 23
|
| 100 |
|
|
|a Ee, Chong
|9 30265
|
| 245 |
|
|
|a Configuring internal controls for software as a service :
|b Between Fragility and Forgiveness /
|c Chong Ee
|
| 246 |
|
|
|a Configuring internal controls for software as a service
|
| 260 |
|
|
|a Boca Raton :
|b CRC Press, Taylor & Francis Group,
|c c2019
|
| 300 |
|
|
|a xv, 445 pages :
|b illustrations ;
|c 24 cm.
|
| 500 |
|
|
|a Includes index.
|
| 505 |
|
|
|a Cover; Half Title; Title Page; Copyright Page; Dedication; Table of Contents; Author; Prologue: An Introduction; 1: Singularized Plurality; 2: Present Absence; 3: Universal Particulars; 4: Beginning Ending; 5: Manual Automatons; 6: Control Chaos; 7: Uninvited Guests; 8: Known Unknowns; 9: Lost and Found; 10: Other Selves; 11: Transfigured Relations; Epilogue: Three Acts; Index
|
| 526 |
|
|
|a CSE
|
| 541 |
|
|
|a Parama
|e 34322
|
| 650 |
|
|
|a Cloud computing.
|9 30266
|
| 650 |
|
|
|a Mobile computing.
|9 30267
|
| 650 |
|
|
|a Computational grids (Computer Systems)
|9 30281
|
| 650 |
|
|
|a Computer science.
|9 42490
|
| 942 |
|
|
|2 ddc
|c BK
|
| 952 |
|
|
|0 0
|1 0
|2 ddc
|4 0
|6 004_678200000000000_CHO
|7 0
|9 65081
|a BRACUL
|b BRACUL
|c GEN
|d 2019-02-26
|e Parama
|g 4401.29
|l 0
|o 004.6782 CHO
|p 3010034322
|r 2019-02-26
|t 1
|v 4401.29
|w 2019-02-26
|y BK
|